000 00843nam a22002177a 4500
999 _c17423
_d17423
003 AR-CdUCM
008 190508b ||||| |||| 00| 0 spa d
040 _aMUNICIPALIDAD PROVINCIAL DEL CUSCO
_cBIBLIOTECA MUNICIPAL DEL CUSCO
082 _a309.89 /
_bR19
100 _aRama, Carlos M.
_912958
245 _aSociología del Uruguay /
260 _aBuenos Aires :
_bEUDEBA,
_c1965.
300 _a111 páginas ;
_c19 cm.
440 _aBiblioteca de América/ Libros del Tiempo Nuevo.
_937430
505 _aContenido: Factores físicos y bióticos en la sociedad uruguaya -- Sociedad urbana y social rural -- Sociología económica -- Sociología política -- Trabajo, cultura y sanidad ...
650 _aSociología
_9276
650 _aUruguay
_92511
650 _aClases sociales
_92411
942 _2ddc
_cLIBROS
945 _aachl
_d2019-05-08